| 000 | 01044cam a2200313 4500 | ||
|---|---|---|---|
| 001 | 2681223 | ||
| 003 | ARRUPE | ||
| 005 | 20140925134746.0 | ||
| 008 | 740219s1972 ie b 000 0aeng | ||
| 010 | _a 74152587 | ||
| 040 |
_aDLC _cDLC _dDLC |
||
| 041 | 0 | _aenglat | |
| 050 | 0 | 0 |
_aBX4700.P3 _bP3713 |
| 082 | 0 | 0 |
_a270.2/092/4 _aB |
| 100 | 0 |
_aPatrick, _cSaint, _d373?-463? _911702 |
|
| 240 | 1 | 0 |
_aConfessio. _lEnglish |
| 245 | 1 | 0 |
_aPatrick in his own words. _c[Translated and with commentary by] Joseph Duffy. |
| 260 |
_a[Dublin] _bVeritas Publications _c[1972] |
||
| 300 |
_a97 p. _c19 cm. |
||
| 350 | _a£0.50 | ||
| 500 | _aEnglish translation and Latin original of the author's Confessio. | ||
| 504 | _aIncludes bibliographical references. | ||
| 600 | 0 | 0 |
_aPatrick, _cSaint, _d373?-463? _911703 |
| 650 | 0 |
_aChristian saints _zIreland _xBiography. _911704 |
|
| 651 | 0 |
_aIreland _xChurch history _yTo 1172. _911705 |
|
| 700 | 1 |
_aDuffy, Joseph A. _911706 |
|
| 906 |
_a7 _bcbc _corignew _d4 _encip _f19 _gy-gencatlg |
||
| 942 |
_2lcc _cMONOGRAPH |
||
| 999 |
_c120972 _d120972 |
||